Movies Quiz

Random Movies or Translation Quiz

Popular Movie Titles in Native Tongue Quiz Stats

 Plays Quiz not verified by Sporcle

Score 0/10 Timer 03:00
1 Play Today
Native Tongue Movie Title English Movie Title % Correct
La Vita è BellaLife Is Beautiful
82.1%
Un Homme et une FemmeA Man and a Woman
75.6%
El Laberinto del FaunoPan's Labyrinth
75.6%
Cidade de DeusCity of God
70.7%
Lola RenntRun Lola Run
56.1%
七人の侍Seven Samurai
56.1%
卧虎藏龙Crouching Tiger, Hidden Dragon
55.3%
Det Sjunde InsegletThe Seventh Seal
44.7%
Mujeres al Borde de un Ataque de NerviosWomen on the Verge of a Nervous Breakdown
35.8%
霸王别姬Farewell My Concubine
14.6%

You're not logged in!

Compare scores with friends on all Sporcle quizzes.
OR
Log In

Sporcle TV

Today on Sporcle TV


Watch our educational content, quiz creation guides, and fun videos on Sporcle TV.

Show Comments

Extras

Top Quizzes Today


Score Distribution

Your Account Isn't Verified!

In order to create a playlist on Sporcle, you need to verify the email address you used during registration. Go to your Sporcle Settings to finish the process.

Report this User

Report this user for behavior that violates our Community Guidelines.

Details: